书目信息 |
| 题名: |
自然与团契
|
|
| 作者: | 孙帅 著 | |
| 分册: | ||
| 出版信息: | 上海 上海三联书店 2014 |
|
| 页数: | 408页 | |
| 开本: | 23cm | |
| 丛书名: | 思想与社会 | |
| 单 册: | ||
| 中图分类: | B503.1 | |
| 科图分类: | ||
| 主题词: | ||
| 电子资源: | ||
| ISBN: | 978-7-5426-4542-5 | |
| 000 | 01017nam0 22002891 450 | |
| 001 | 349950 | |
| 005 | 20161008155601.90 | |
| 010 | @a978-7-5426-4542-5@dCNY50.00 | |
| 100 | @a20140513d2014 kemy0chiy50 ea | |
| 101 | 0 | @achi |
| 102 | @aCN@b310000 | |
| 105 | @ay v 000yy | |
| 106 | @ar | |
| 200 | 1 | @a自然与团契@AZi Ran Yu Tuan Qi@e奥古斯丁婚姻家庭学说研究@f孙帅著 |
| 210 | @a上海@c上海三联书店@d2014 | |
| 215 | @a408页@d23cm | |
| 225 | 2 | @a思想与社会@ASi Xiang Yu She Hui |
| 300 | @a研究系列 | |
| 300 | @a“十二五”国家重点图书出版规划项目 | |
| 330 | @a本书介绍了奥古斯丁的婚姻家庭学说,内容包括皈依与节制、原罪与肉欲、婚姻与团契、家庭与国家、爱与团契等。 | |
| 461 | 0 | @12001 @a思想与社会 |
| 517 | 1 | @a奥古斯丁婚姻家庭学说研究@AAo Gu Si Ding Hun Yin Jia Ting Xue Shuo Yan Jiu |
| 600 | 0 | @a奥古斯丁@AAo Gu Si Ding@c(Augustine, Aurelius@f354-430)@x婚姻@x家庭关系@x研究 |
| 690 | @aB503.1@v5 | |
| 701 | 0 | @a孙帅@ASun Shuai@4著 |
| 801 | 0 | @aCN@bTANGWEI@20160802 |
| 905 | @b0887575-9@dB503.1@e75@f5 | |
| 自然与团契:奥古斯丁婚姻家庭学说研究/孙帅著.-上海:上海三联书店,2014 |
| 408页;23cm.-(思想与社会) |
| 研究系列.-“十二五”国家重点图书出版规划项目 |
| ISBN 978-7-5426-4542-5:CNY50.00 |
| 本书介绍了奥古斯丁的婚姻家庭学说,内容包括皈依与节制、原罪与肉欲、婚姻与团契、家庭与国家、爱与团契等。 |
| ● |
| 相关链接 |
|
|
|
|
正题名:自然与团契
索取号:B503.1/75
 
预约/预借
| 序号 | 登录号 | 条形码 | 馆藏地/架位号 | 状态 | 备注 |
| 1 | 0887575 | 208875751 | 第一样本阅览室/ [索取号:B503.1/75] | 在馆 | |
| 2 | 0887576 | 208875760 | 第一借阅区/ [索取号:B503.1/75] | 在馆 | |
| 3 | 0887577 | 208875779 | 第一借阅区/ [索取号:B503.1/75] | 在馆 | |
| 4 | 0887578 | 208875788 | 第一借阅区/ [索取号:B503.1/75] | 在馆 | |
| 5 | 0887579 | 208875797 | 第一借阅区/ [索取号:B503.1/75] | 在馆 |